Sports Quiz

Random Sports or NBA Quiz

NBA Top 5 PPG Seasons By Franchise Quiz Stats

 Plays Quiz Updated Apr 20, 2018

Challenge
Share
Tweet
Embed
Score 0/150 Timer 13:00
17 Plays Today
% Correct
Michael Jordan
95%
LeBron James
94.7%
LeBron James
94.7%
Larry Bird
91.2%
Kobe Bryant
91.1%
Shaquille O'Neal
89.4%
Shaquille O'Neal
89.4%
Shaquille O'Neal
89.4%
Joe Johnson
87.5%
Paul Pierce
87.2%
Isaiah Thomas
87.2%
Marques Johnson
87.2%
Jerry West
86.7%
Kevin Durant
86.3%
Carmelo Anthony
85.9%
Carmelo Anthony
85.4%
Dirk Nowitzki
85%
Dwyane Wade
84.9%
Kyle Lowry
84.2%
Wilt Chamberlain
84.1%
Wilt Chamberlain
84.1%
Derrick Rose
83.9%
Anthony Davis
83.5%
Kyrie Irving
83.2%
Tim Duncan
83.2%
Kevin Garnett
83%
Vince Carter
83%
Vince Carter
83%
Karl Malone
82.6%
Moses Malone
82.4%
Allen Iverson
81.4%
Paul George
80.3%
David Robinson
80.2%
Truck Robinson
79.8%
James Harden
78.8%
Dominque Wilkins
78.7%
Tracy McGrady
78%
Larry Johnson
77.6%
Reggie Miller
77.5%
Kareem Abdul-Jabbar
76.4%
Jimmy Butler
76%
Hakeem Olajuwon
75.6%
Kemba Walker
74.8%
Chris Paul
74.4%
Pau Gasol
74.4%
Kawhi Leonard
73.9%
Bob Love
72.6%
Patrick Ewing
72%
Ray Allen
70.9%
Charles Barkley
70.6%
% Correct
Charles Barkley
70.6%
Karl-Anthony Towns
70.5%
Baron Davis
70.1%
Damian Lillard
69.9%
Kevin Love
69.8%
Kevin McHale
69.4%
Dwight Howard
69.2%
Clyde Drexler
69%
Andrew Wiggins
67.1%
Tracy McGrady
67.1%
Amar'e Stoudemire
66.4%
Chris Bosh
66.1%
Mike Conley
65.9%
Chris Webber
64.6%
Gilbert Arenas
64%
Anfernee Hardaway
63.9%
Julius Erving
63.7%
Oscar Robertson
63.1%
George Gervin
63.1%
Alonzo Mourning
62.9%
John Havlicek
62.4%
Zach Randolph
62.1%
David West
60.8%
Al Jefferson
60.1%
Elgin Baylor
59.5%
Alex English
57%
DeMar DeRozan
55.7%
Bob Pettit
54.5%
Richard Jefferson
54.4%
Michael Redd
54.2%
Randy Smith
54.2%
DeMarcus Cousins
53.9%
Chris Mullin
53%
Grant Hill
52.9%
Bernard King
52.2%
Bernard King
52.2%
Bernard King
52.2%
Rick Barry
51.8%
Danny Granger
51.4%
Pete Maravich
50.8%
Pete Maravich
50.8%
George Mikan
50.4%
Rudy Gay
49.5%
Giannis Antetokounmpo
49.1%
Stephen Curry
48.8%
Jerry Stackhouse
48.1%
Elton Brand
47.8%
Blake Griffin
46.6%
Elvin Hayes
43.8%
Russell Westbrook
43.4%
% Correct
Glen Rice
43.2%
Glen Rice
43.1%
Bob McAdoo
42.3%
Bob McAdoo
42.3%
Adrian Dantley
42.2%
David Thompson
40.8%
Stephon Marbury
37.2%
Jim Jackson
37.1%
Tom Chambers
35%
Michael Finley
34.7%
Jamal Mashburn
34.6%
Shareef Abdur-Rahim
34.3%
Mark Aguirre
33.9%
Jamal Mashburn
32.5%
Tiny Archibald
31.9%
Dale Ellis
31.5%
Steve Francis
31%
Dave Bing
29.6%
Earl Monroe
28.3%
World B. Free
27.6%
World B. Free
27.6%
Kelly Tripucka
26.6%
Andrea Bargnani
25.7%
Kiki Vandeweghe
24.6%
Kiki Vandeweghe
24.6%
Drazen Petrovic
21.5%
Ron Harper
20.4%
Walt Bellamy
20%
Terry Cummings
19.6%
Victor Oladipo
19.2%
Billy Cunningham
18.4%
Lou Hudson
17.3%
Spencer Haywood
16%
Reggie Theus
15.7%
Kelly Tripucka
14.6%
Paul Westphal
14.2%
Spencer Haywood
12.8%
Jack Twyman
11.5%
Charlie Scott
11.4%
Mike Mitchell
10.2%
Mike Mitchell
10.2%
Darrell Griffith
9.2%
Billy Knight
8.9%
Richie Guerin
8.3%
George Yardley
8%
Purvis Short
7.6%
Tony Campbell
6.9%
Geoff Petrie
6.9%
Sidney Wicks
5.7%
Archie Clark
3.8%

You're not logged in!

Compare scores with friends on all Sporcle quizzes.
OR
Log In

You Might Also Like...

Show Comments

Extras

Top Quizzes Today


Score Distribution

Your Account Isn't Verified!

In order to create a playlist on Sporcle, you need to verify the email address you used during registration. Go to your Sporcle Settings to finish the process.

Report this User

Report this user for behavior that violates our Community Guidelines.

Details: